| 000 | 01797cam a22003495i 4500 | ||
|---|---|---|---|
| 999 |
_c27128 _d27100 |
||
| 001 | 015762013 | ||
| 003 | Uk | ||
| 005 | 20190212142153.0 | ||
| 008 | 101122s2011 enka frb 001 0 eng d | ||
| 015 |
_aGBB127414 _2bnb |
||
| 016 | 7 |
_a015762013 _2Uk |
|
| 020 | _a9780521133074 | ||
| 020 | _a0521133076 | ||
| 040 |
_aStDuBDS _beng _cStDuBDS _dUk _dEG-ScBUE |
||
| 082 | 0 | 4 |
_a729.1 _222 _bMOL |
| 100 | 1 | _aMoloney, Jules. | |
| 245 | 1 | 0 |
_aDesigning kinetics for architectural facades : _bstate change / _cJules Moloney. |
| 246 | 3 | 0 | _aState change |
| 264 | 1 |
_aOxon, England ; _aNew York : _bRoutledge / Taylor & Francis Group, _c2011. |
|
| 300 |
_axiii, 178 pages : _billustrations ; _c25 cm. |
||
| 336 |
_atext _2rdacontent |
||
| 337 |
_aunmediated _2rdamedia |
||
| 338 |
_avolume _2rdacarrier |
||
| 504 | _aIncludes bibliographical references and index. | ||
| 505 | _a1. Movement at the periphery -- 2. Kinetic precedent -- 3. Systems, fields and reflexivity -- 4. Kinetic art -- 5. Decision planes -- 6. Experiments with kinetic pattern -- 7. All at sea : a provisional taxonomy -- 8. State change. | ||
| 520 | _a Architectural facades now have the potential to be literally kinetic, through automated sunscreens and a range of animated surfaces. This book explores the aesthetic potential of these new types of moving facades.€From critique of theory and practice in architecture, discourse within kinetic arts and the generation of a series of computer animations, a theory of composition and a language of design for kinetic architectural facades is developed | ||
| 650 | 7 |
_aFacades _xDesigns and plans. _2BUEsh _941988 |
|
| 650 | 7 |
_aMotion in architecture. _2BUEsh _941989 |
|
| 650 | 7 |
_aArchitectural design. _2BUEsh _93345 |
|
| 653 |
_bENGARC _cFebruary2019 |
||
| 942 |
_2ddc _cBB |
||